[Event "World Corporate East F"]
[Site "Chess.com INT"]
[Date "2021.02.20"]
[Round "4.3"]
[White "Sofrevska Andonova, Lidija"]
[Black "Sachin, Pradeep"]
[Result "0-1"]
[WhiteElo "2115"]
[BlackElo "1717"]
[PlyCount "86"]
[EventDate "2021.02.19"]
[EventType "team (rapid)"]
[EventRounds "7"]
[EventCountry "USA"]
[SourceTitle "EXT 2022"]
[Source "ChessBase"]
[SourceDate "2021.10.06"]
[SourceVersion "1"]
[SourceVersionDate "2021.10.06"]
[SourceQuality "1"]
[WhiteTeam "Alkaloid"]
[BlackTeam "Cognizant Karnataka"]
[WhiteTeamCountry "MKD"]
[BlackTeamCountry "HUN"]

1. e4 c5 2. Nf3 d6 3. c3 Nf6 4. h3 Nbd7 5. Bd3 b6 6. Bc2 Bb7 7. d3 g6 8. 0-0 Bg7 9. Re1 0-0 10. Nbd2 Qc7 11. d4 cxd4 12. cxd4 Rfc8 13. Bb3 e6 14. Qe2 a5 15. a4 h6 16. e5 dxe5 17. dxe5 Ba6 18. Qe3 Ne8 19. Ne4 Nxe5 20. Nxe5 Qxe5 21. Bd2 Qxb2 22. Rab1 Qe5 23. Qxb6 Bd3 24. Nd6 Qxd6 25. Qxd6 Nxd6 26. Rbd1 Bc2 27. Bxc2 Rxc2 28. Bxh6 Bxh6 29. Rxd6 Rc4 30. Rd7 Rxa4 31. Rb1 Rb4 32. Rbd1 Rc4 33. Rb1 Rc1+ 34. Rxc1 Bxc1 35. Rc7 Bd2 36. Kf1 a4 37. Ke2 a3 38. Kxd2 a2 39. Rb7 a1Q 40. h4 Ra2+ 41. Ke3 Qe5+ 42. Kf3 Ra3+ 43. Kg4 Qf5# 0-1

[Event "World Corporate East F"]
[Site "Chess.com INT"]
[Date "2021.02.19"]
[Round "2.3"]
[White "Shuvalova, Polina"]
[Black "Sachin, Pradeep"]
[Result "1-0"]
[WhiteElo "2476"]
[BlackElo "1717"]
[PlyCount "63"]
[EventDate "2021.02.19"]
[EventType "team (rapid)"]
[EventRounds "7"]
[EventCountry "USA"]
[SourceTitle "EXT 2022"]
[Source "ChessBase"]
[SourceDate "2021.10.06"]
[SourceVersion "1"]
[SourceVersionDate "2021.10.06"]
[SourceQuality "1"]
[WhiteTeam "RFSO Lokomotiv"]
[BlackTeam "Cognizant Karnataka"]
[WhiteTeamCountry "RUS"]
[BlackTeamCountry "HUN"]

1. d4 d5 2. Nc3 Nf6 3. Bf4 c6 4. e3 Bf5 5. f3 h6 6. g4 Bh7 7. h4 e6 8. Bd3 Bxd3 9. Qxd3 Bd6 10. Nge2 Qc7 11. 0-0-0 Nbd7 12. Bxd6 Qxd6 13. e4 dxe4 14. fxe4 Nxg4 15. e5 Qe7 16. Ne4 0-0-0 17. h5 f5 18. Nd6+ Kb8 19. Qb3 Nb6 20. Rdf1 Nd5 21. c4 Nde3 22. Rf3 Rd7 23. Kb1 Ng2 24. Rg3 Nh4 25. Nf4 Qg5 26. Nxe6 Qe7 27. Nc5 Rdd8 28. Ncxb7 Rdf8 29. Rxh4 Qxh4 30. Nc5+ Kc7 31. Qb7+ Kd8 32. Ne6# 1-0